000 00542nam a22002057a 4500
005 20210419081146.0
008 210303s1975 ||||| |||| 00| 0 eng d
020 _a0330246208
040 _aeng
_cDLC
041 _aeng
080 _a821.111
_bF-85
100 _9796
_aFrancis,Dick
245 _aKnock Down
_c/ by: Pan Books
260 _aLondon
_bPan Books
_c1975
300 _a189 p.
365 _b4.99 gbp
650 0 _9254
_aEnglish literature
653 _aინგლისური ლიტერატურა
942 _2udc
_cBK
999 _c1867
_d1867